<?xml version="1.0" encoding="UTF-8"?>
<record
    xmlns:xsi="http://www.w3.org/2001/XMLSchema-instance"
    xsi:schemaLocation="http://www.loc.gov/MARC21/slim http://www.loc.gov/standards/marcxml/schema/MARC21slim.xsd"
    xmlns="http://www.loc.gov/MARC21/slim">

  <leader>01806nam a2200397 i 4500</leader>
  <controlfield tag="001">768714001</controlfield>
  <controlfield tag="003">CO-MdFUSB</controlfield>
  <controlfield tag="005">20260429150050.0</controlfield>
  <controlfield tag="007">ta</controlfield>
  <controlfield tag="008">      t2010    -us||||g |||| 00| 0 spa d</controlfield>
  <datafield tag="020" ind1=" " ind2=" ">
    <subfield code="a"> 978-0-7899-1551-1</subfield>
  </datafield>
  <datafield tag="020" ind1=" " ind2=" ">
    <subfield code="a">0-7899-1551-0</subfield>
  </datafield>
  <datafield tag="040" ind1=" " ind2=" ">
    <subfield code="a">CO-MdFUSB</subfield>
    <subfield code="b">spa</subfield>
    <subfield code="c">CO-MdFUSB</subfield>
    <subfield code="d">CO-MdFUSBC</subfield>
    <subfield code="e">rda</subfield>
  </datafield>
  <datafield tag="041" ind1=" " ind2=" ">
    <subfield code="a">spa</subfield>
    <subfield code="h">eng</subfield>
  </datafield>
  <datafield tag="082" ind1=" " ind2=" ">
    <subfield code="2">23</subfield>
    <subfield code="a">235.3</subfield>
    <subfield code="b">J55</subfield>
  </datafield>
  <datafield tag="100" ind1=" " ind2=" ">
    <subfield code="a">Jeremiah, David P.,</subfield>
    <subfield code="e">autor</subfield>
  </datafield>
  <datafield tag="240" ind1=" " ind2=" ">
    <subfield code="a">Angels: the strange and mysterious truth. </subfield>
  </datafield>
  <datafield tag="245" ind1="1" ind2=" ">
    <subfield code="a">&#xC1;ngeles : </subfield>
    <subfield code="b">la extra&#xF1;a y misteriosa verdad</subfield>
    <subfield code="c">/ David P. Jeremiah ; traducido por Rojas y Rojas Editores.</subfield>
  </datafield>
  <datafield tag="250" ind1=" " ind2=" ">
    <subfield code="a">Primera edici&#xF3;n</subfield>
  </datafield>
  <datafield tag="264" ind1=" " ind2="1">
    <subfield code="a">Miami, Florida : </subfield>
    <subfield code="b">Unilit,</subfield>
    <subfield code="c">[2010]</subfield>
  </datafield>
  <datafield tag="264" ind1=" " ind2="4">
    <subfield code="c">&#xA9;2010</subfield>
  </datafield>
  <datafield tag="300" ind1=" " ind2=" ">
    <subfield code="a">237 p&#xE1;ginas</subfield>
    <subfield code="c">; 20 cm</subfield>
  </datafield>
  <datafield tag="336" ind1=" " ind2=" ">
    <subfield code="2">rdacontent</subfield>
    <subfield code="a">texto</subfield>
    <subfield code="b">txt</subfield>
  </datafield>
  <datafield tag="337" ind1=" " ind2=" ">
    <subfield code="2">rdamedia</subfield>
    <subfield code="a">sin mediaci&#xF3;n</subfield>
    <subfield code="b">n</subfield>
  </datafield>
  <datafield tag="338" ind1=" " ind2=" ">
    <subfield code="2">rdacarrier</subfield>
    <subfield code="a">volumen</subfield>
    <subfield code="b">nc</subfield>
  </datafield>
  <datafield tag="500" ind1=" " ind2=" ">
    <subfield code="a">Incluye &#xED;ndice general ; Fuentes de las notas ; &#xCD;ndice b&#xED;blico ; &#xCD;ndice tem&#xE1;tico.</subfield>
  </datafield>
  <datafield tag="505" ind1=" " ind2=" ">
    <subfield code="a">&#xBF;Qu&#xE9; estar&#xE1;n haciendo los &#xE1;ngeles? -- En presencia de los &#xE1;ngeles: primera parte -- En presencia de los &#xE1;ngeles: segunda parte -- Los &#xE1;ngeles y Dios -- Qu&#xE9; son los &#xE1;ngeles -- Cu&#xE1;ndo aparecen los &#xE1;ngeles -- Los &#xE1;ngeles y nosotros: &#xBF;en qu&#xE9; nos parecemos? -- Los &#xE1;ngeles de los que ha o&#xED;do hablar (y m&#xE1;s) -- El mayor de los &#xE1;ngeles -- Nos muestran c&#xF3;mo adorar -- Nos muestran c&#xF3;mo obrar -- Vienen a llevarme a mi hogar celestial -- Los &#xE1;ngeles del infierno -- Los &#xE1;ngeles y Jes&#xFA;s.</subfield>
  </datafield>
  <datafield tag="563" ind1=" " ind2=" ">
    <subfield code="a">R&#xFA;stico</subfield>
  </datafield>
  <datafield tag="653" ind1=" " ind2=" ">
    <subfield code="a">&#xC1;ngeles &#x2013; Doctrina cristiana</subfield>
  </datafield>
  <datafield tag="653" ind1=" " ind2=" ">
    <subfield code="a">&#xC1;ngeles en la Biblia </subfield>
  </datafield>
  <datafield tag="653" ind1=" " ind2=" ">
    <subfield code="a">Demonios &#x2014; Doctrina cristiana</subfield>
  </datafield>
  <datafield tag="653" ind1=" " ind2=" ">
    <subfield code="a">Vida espiritual</subfield>
  </datafield>
  <datafield tag="710" ind1=" " ind2=" ">
    <subfield code="a">Rojas y Rojas Editores</subfield>
    <subfield code="9">10889</subfield>
    <subfield code="e">traductor</subfield>
  </datafield>
  <datafield tag="942" ind1=" " ind2=" ">
    <subfield code="c">BK</subfield>
  </datafield>
  <datafield tag="945" ind1=" " ind2=" ">
    <subfield code="a">Catherine Arias Alvarez</subfield>
  </datafield>
  <datafield tag="952" ind1=" " ind2=" ">
    <subfield code="0">0</subfield>
    <subfield code="1">0</subfield>
    <subfield code="2">ddc</subfield>
    <subfield code="4">0</subfield>
    <subfield code="7">0</subfield>
    <subfield code="8">GEN</subfield>
    <subfield code="a">FUSBC</subfield>
    <subfield code="b">FUSBC</subfield>
    <subfield code="d">2025-07-05</subfield>
    <subfield code="l">0</subfield>
    <subfield code="o">G 235.3 J55a</subfield>
    <subfield code="p">25748</subfield>
    <subfield code="r">2025-07-05 00:00:00</subfield>
    <subfield code="t">Ej. 1</subfield>
    <subfield code="w">2025-07-05</subfield>
    <subfield code="y">BK</subfield>
    <subfield code="k">2</subfield>
  </datafield>
  <datafield tag="999" ind1=" " ind2=" ">
    <subfield code="c">71357</subfield>
    <subfield code="d">71357</subfield>
  </datafield>
</record>
